| 000 | 00659nam a2200229 a 4500 | ||
|---|---|---|---|
| 001 | 2930 | ||
| 003 | CDMR | ||
| 005 | 20131022120319.0 | ||
| 008 | 130130s1986||||||||||||||||||||||||||||d | ||
| 020 | _a285601156X | ||
| 040 |
_aCDMR _bcat _cCDMR |
||
| 100 | 1 |
_aMaarek, Philippe J. _92152 |
|
| 245 | 1 | 0 |
_aMédia et malentendus _b: cinéma et communication politique |
| 260 |
_aParis _c1986 _bEdilig |
||
| 300 | _a357 p. | ||
| 490 | 0 | _aMédiathèque | |
| 650 | 0 | 4 |
_94153 _aCinematografia |
| 650 | 0 | 4 |
_93542 _aMitjans de comunicació de massa _xInfluència |
| 650 | 0 | 4 |
_93349 _aAnàlisi del discurs |
| 650 | 0 | 4 |
_93324 _aComunicació en la política |
| 942 |
_cMON _2udc |
||
| 999 |
_c2930 _d2930 |
||